Pistolero Songtext - Dschinghis Khan - Statistiken

Allgemein
  • Dieses Quiz wurde 3 mal gespielt
  • Das Durchschnittsergebnis liegt bei 20 aus 44
Antwortstatistiken
Antwort % Korrekt
Und hörte den {Vater} schrein: "Lauf, Junge, lauf!"
100%
Allein in die glühenden {Sonne} hinein.
50%
Da hob Pistolero ganz langsam die {Hand}.
50%
Das {Dorf} lag ganz still in der glühenden Sonne.
50%
Dass du {stärker} bist als er.
50%
Dass du {stärker} bist als er.
50%
Da war ihm, als hört er die Stimme des {Vaters}:
50%
Der Tag der {Vergeltung} war heute gekommen.
50%
Die Augen, die er nie im Leben {vergaß}.
50%
Die drei {Mexikaner} erkannten ihn nicht.
50%
Doch von ihren {Schüssen} da wachte er auf.
50%
Er gab ihm die Sporen und ritt wie {verrückt}
50%
Er sah wie man Vater und Mutter {erschoß}
50%
Er schob die Pistole ins {Halfter} zurück
50%
Er schwor sich, er wird ihnen niemals {verzeihn}.
50%
Er sprang aus dem Bett und sah drei {Mexikaner}
50%
Er stand da {allein} mit dem Rücken zur Wand.
50%
Er suchte so lang bis er sie {endlich} fand.
50%
Er trug den {Sombrero} ganz tief im Gesicht
50%
Er war noch ein {Kind} und er schlief als sie kamen,
50%
"Mein Junge, hör auf! Du hast zu lange {gehaßt}."
50%
O Pistolero! Auf der Straße nach {Nirgendwo},
50%
O Pistolero! Auf der Straße nach {Nirgendwo},
50%
O Pistolero! Auf der Straße nach {Nirgendwo},
50%
O Pistolero! Und du reitest durch {Nacht} und Wind
50%
O Pistolero! Und du reitest durch {Nacht} und Wind
50%
O Pistolero! Und du reitest durch {Nacht} und Wind
50%
Pistole Pistolero! {Reite} weiter, Companero,
50%
Pistole Pistolero! {Reite} weiter, Companero,
50%
Pistole Pistolero! Zeig dem {Teufel}, Companero,
50%
Pistole Pistolero! Zeig dem {Teufel}, Companero,
50%
Sie lachten nur {höhnisch}, dann ritten sie los.
50%
Sie standen vor ihm und er sah ihre {Augen} -
50%
Und konnte nichts tun außer {beten} und schrein.
50%
Und sein {Zigarillo} hat nicht mehr gebrannt.
50%
Und stieg auf sein {Pferd}, denn die Jagd war vorbei.
50%
Wie ein {Engel}, der Rache nimmt, doch du bist ganz allein.
50%
Wie ein Engel, der Rache nimmt, doch du bist ganz {allein}.
50%
Wie ein Engel, der Rache nimmt, doch du bist ganz {allein}.
50%
Deinem {Traum} hinterher.
0%
Deinem {Traum} hinterher.
0%
Desperado von Mexico, wo wirst du {morgen} sein?
0%
Desperado von Mexico, wo wirst du {morgen} sein?
0%
Desperado von Mexico, wo wirst du {morgen} sein?
0%
Keine übereinstimmenden Quizze gefunden
Verteilung der Resultate
Anzahl Personen mit jedem Resultat
Perzentil nach korrekt beantworteten Fragen
Ihre Resultats-Entwicklung
Sie haben dieses Quiz noch nicht gespielt